Descentralización y desconcentración de las políticas sociales en América Latina: una estrategia de investigación. El ILPES en Centroamérica y Panamá /

Đã lưu trong:
Chi tiết về thư mục
Tác giả chính: Palma, Eduardo
Nhiều tác giả của công ty: Instituto Latinoamericano y del Caribe de Planificación Económica y Social. Oficina para Centroamérica y Panamá, ILPES
Tác giả khác: Rufián, Dolores María
Định dạng: Texto
Được phát hành: San José: ILPES
Các nhãn: Thêm thẻ
Không có thẻ, Là người đầu tiên thẻ bản ghi này!

MARC

LEADER 00000 a a2200000 04500
001 23062
003
040
090 |a 159000  
100 |a Palma, Eduardo  
110 |a Instituto Latinoamericano y del Caribe de Planificación Económica y Social. Oficina para Centroamérica y Panamá  
245 |a Descentralización y desconcentración de las políticas sociales en América Latina: una estrategia de investigación. El ILPES en Centroamérica y Panamá /  |c Instituto Latinoamericano y del Caribe de Planificación Económica y Social. Oficina para Centroamérica y Panamá  
260 |a San José:   |b ILPES  
300 |a 40 p  
700 |a Rufián, Dolores María  
710 |a ILPES  
999 |c 9295  |d 9295